| Tag |
First Indicator |
Second Indicator |
Subfields |
| LEADER |
00000cam a2200000Ia 4500 |
| 001 |
in00002231421 |
| 005 |
20151104171842.0 |
| 008 |
070223s2007 is ac e 001 0ceng d |
| 020 |
|
|
|a 0061151122 :
|c $59.95
|
| 020 |
|
|
|a 9780061151125 :
|c $59.95
|
| 029 |
1 |
|
|a YDXCP
|b 2462415
|
| 035 |
|
|
|a (OCoLC)ocm84912400
|
| 040 |
|
|
|a OCO
|c OCO
|d BAKER
|d YDXCP
|d ORX
|d LHM
|d TXA
|d UtOrBLW
|
| 049 |
|
|
|a TXAM
|
| 090 |
|
|
|a D804.65
|b .P349 2007
|
| 092 |
|
|
|a 940.5318
|b P155r
|
| 100 |
1 |
|
|a Paldiel, Mordecai.
|
| 245 |
1 |
4 |
|a The righteous among the nations /
|c Mordecai Paldiel ; foreword by Elie Wiesel ; preface by Avner Shalev ; introduction by Israel Gutman & Mordecai Paldiel.
|
| 264 |
|
1 |
|a Jerusalem :
|b Yad Vashem ;
|a New York, NY :
|b HarperCollins,
|c [2007]
|
| 264 |
|
4 |
|c ©2007
|
| 300 |
|
|
|a xii, 596 pages :
|b illustrations, portraits ;
|c 29 cm.
|
| 336 |
|
|
|a text
|b txt
|2 rdacontent
|
| 337 |
|
|
|a unmediated
|b n
|2 rdamedia
|
| 338 |
|
|
|a volume
|b nc
|2 rdacarrier
|
| 500 |
|
|
|a Includes index.
|
| 504 |
|
|
|a Includes bibliographical references and index.
|
| 650 |
|
0 |
|a Righteous Gentiles in the Holocaust
|v Biography.
|
| 650 |
|
0 |
|a Holocaust, Jewish (1939-1945)
|v Personal narratives.
|
| 650 |
|
0 |
|a World War, 1939-1945
|x Jews
|x Rescue.
|
| 650 |
|
0 |
|a Diplomats
|v Biography.
|
| 938 |
|
|
|a Baker & Taylor
|b BKTY
|c 59.95
|d 44.96
|i 0061151122
|n 0006895764
|s active
|
| 938 |
|
|
|a YBP Library Services
|b YANK
|n 2462415
|
| 948 |
|
|
|a cataloged
|b h
|c 2007/4/5
|d c
|e jgreene
|f 4:06:04 pm
|
| 994 |
|
|
|a C0
|b TXA
|
| 999 |
|
|
|a MARS
|
| 999 |
f |
f |
|s 95240789-b600-3fb1-a9a6-2da22eb21986
|i 1e915077-7733-3e1c-a33e-f361c6e26b08
|t 0
|
| 952 |
f |
f |
|p ric
|a Texas A&M University
|b Rellis Campus
|c Joint Library Facility
|d Remote Storage
|t 0
|e D804.65 .P349 2007
|h Library of Congress classification
|i unmediated -- volume
|m A14835577623
|
| 998 |
f |
f |
|a D804.65 .P349 2007
|t 0
|l Remote Storage
|